Zeichnungen und Malereien aus den Papyrussammlungen in Berlin und Wien /

محفوظ في:

مؤلفون آخرون: Froschauer, Harald

التنسيق: كتاب

اللغة: German

منشور في: Berlin ; New York : Walter De Gruyter, c2008.

سلاسل: Mitteilungen aus der Papyrussammlung der Österreichischen Nationalbibliothek (Papyrus Erzherzog Rainer) ; neue Serie, 31. Folge.

الموضوعات:

الوسوم: إضافة وسم

لا توجد وسوم, كن أول من يضع وسما على هذه التسجيلة!

رقم الطلب: PA3308 .V65 N.S. v.31

LEADER 01048nam a22002417a 4500
003 OSt
005 20250929072422.0
008 250929s2008 gw af b 001 0 ger d
020 |a 9783110207392 
040 |c ARCE Library 
050 1 4 |a PA3308  |b .V65 N.S. v.31 
245 0 0 |a Zeichnungen und Malereien aus den Papyrussammlungen in Berlin und Wien /   |c Herausgegeben von Harald Froschauer. 
264 1 |a Berlin ;  |a New York :  |b Walter De Gruyter,  |c c2008. 
300 |a xvi, 120 p., 23 p. of plates :   |b illustrations (some color) ;   |c 30 cm. +   |e 23 p. of plates in pocket.  
490 0 |a Mitteilungen aus der Papyrussammlung der Österreichischen Nationalbibliothek (Papyrus Erzherzog Rainer) ;   |v neue Serie, 31. Folge. 
504 |a Includes bibliographical references (pages [ix]-xiv) and index. 
610 2 0 |a Österreichische Nationalbibliothek.   |b Papyrussammlung. 
650 0 |a Illumination of books and manuscripts. 
650 0 |a Manuscripts (Papyri) 
700 1 |a Froschauer, Harald,  |9 30337 
901 |a reviewed 
942 |c BK  |2 lcc 
999 |c 22280  |d 22280